[Event "Stay Safe Play From Home 186"]
[Site "T#646431Emanuel Laske"]
[Date "2020.05.29"]
[Round "7"]
[White "oligodervz41"]
[Black "W Nelles"]
[Result "0-1"]
[WhiteElo "1476"]
[BlackElo "1278"]
[Annotator "NA RC"]
[PlyCount "44"]
[EventDate "2020.05.29"]
[EventType "swiss (blitz)"]

1. Nf3 {[%emt 0:00:04]} d5 {[%emt 0:00:16]} 2. d4 {[%emt 0:00:02]} Nc6 {[%emt 0:00:01]} 3. Bf4 {[%emt 0:00:03]} Bf5 {[%emt 0:00:02]} 4. e3 {[%emt 0:00:01]} e6 {[%emt 0:00:04]} 5. c4 {[%emt 0:00:01]} Bd6 {[%emt 0:00:01]} 6. Bxd6 {[%emt 0:00:04]} cxd6 {[%emt 0:00:02]} 7. Nc3 {[%emt 0:00:03]} Nb4 {[%emt 0:00:04]} 8. Qa4+ {[%emt 0:00:07]} Nc6 {[%emt 0:00:03]} 9. cxd5 {[%emt 0:00:04]} exd5 {[%emt 0:00:01]} 10. Nxd5 {[%emt 0:00:01]} Nge7 {[%emt 0:00:01]} 11. Nxe7 {[%emt 0:00:06]} Qxe7 {[%emt 0:00:01]} 12. Bb5 {[%emt 0:00:03]} Rc8 {[%emt 0:00:05]} 13. Bxc6+ {[%emt 0:00:02]} bxc6 {[%emt 0:00:02]} 14. O-O {[%emt 0:00:06]} Bd3 {[%emt 0:00:03]} 15. Rfc1 {[%emt 0:00:07]} O-O {[%emt 0:00:05] oligodervz41 reconnected. oligodervz41 reconnected.} 16. Rxc6 {[%emt 0:00:10]} Qd7 {[%emt 0:00:06] oligodervz41 reconnected.} 17. Rac1 {[%emt 0:00:09]} Be4 {[%emt 0:00:07] oligodervz41 reconnected. oligodervz41 reconnected.} 18. R6c4 {[%emt 0:00:02]} Qxa4 {[%emt 0:00:19]} 19. Rxc8 {[%emt 0:00:04]} h6 {[%emt 0:00:11]} 20. Nd2 {[%emt 0:00:05]} Rxc8 {[%emt 0:00:06]} 21. Rxc8+ {[%emt 0:00:02]} Kh7 {[%emt 0:00:01]} 22. b3 {[%emt 0:00:04]} Qxa2 {[%emt 0:00:03] oligodervz41 resigns (Lag: Av=0.85s, max=1.9s)} 0-1